000
00332nam a22001333 4500
001
206105
005
20240827152514.0
090
_a
206105
100
_a
20240827 ukry50
101
_a
ukr
102
_a
UA
200
_a
_i
2024
801
_2
unimarc
_a
UA
_g
psbo
942
_c
NEWSPAPER